Corpvs vasorvm antiqvorvm. The J. Paul Getty Museum, Malibu Molly and Walter Baries Collection

Bibliographic Details
Main Author: Moore, Mary B. (Author)
Format: Book
Language:English
PhysicalDescription:xii, 98 s., [77] listov v prebale 34 cm
Published: Malibu, California J. Paul Getty Museum 1998
ISBN:0892364998
Subjects:

MARC

LEADER 00000nam a2200000 a 4500
001 vtls001361741
003 SK-MaSNL
005 20260301150825.0
008 251124s1998 US ab r y 0 eng
020 |a 0892364998  |c [4738,00] 
035 |a SNK000315322 
040 |a SNK  |b slo  |c SNK  |e AACR2 
044 |a US 
080 |a 7.032.6(O01)  |2 1981 
080 |a 7.025.4(38)(091)  |2 1981 
080 |a 7.025:738  |2 1981 
100 1 |a Moore, Mary B.  |4 aut  |9 508610 
245 1 0 |a Corpvs vasorvm antiqvorvm. The J. Paul Getty Museum, Malibu  |b Molly and Walter Baries Collection  |c Mary B. Moore 
260 |a Malibu, California  |b J. Paul Getty Museum  |c 1998 
300 |a xii, 98 s., [77] listov v prebale  |c 34 cm 
500 |a Na tit. strane uvedené The J. Paul Getty Museum, Fascicule 8, (U.S.A., Fascicule 33) 
650 0 7 |a umenie výtvarné antické  |x vázy grécke  |x štúdie  |x katalógy  |2 SNK  |9 508611 
650 0 7 |a antické vázy  |x katalógy  |2 SNK  |9 64903 
919 |a 0-89236-499-8 
999 |c 784739  |d 786669 
952 |t P60, <04>, [BOOK], {604}  |a SNK  |b SNK  |y VYP  |7 0  |p 17A0189634  |o snkOIB 2486  |i snkV 465/99  |0 0  |1 0  |4 0  |d 1999-05-04  |l 0  |r 2005-01-02 00:00:00  |w 2026-02-24